000 00425nam a2200181Ia 4500
001 14378
005 20260306164909.0
008 260306t1986||||xx |||||||||||||| ||spa||
041 _aESP
082 _a512.5
_bK77
100 _aKostrikin, Alexei I.
_eAUT
245 0 _aLinear algebra and geometry
260 _c1986
300 _a309 páginas :
_c24 cm.
650 _aGEN
654 _aCMA
942 _cLIB
_dJUS
_fJUS
_2ddc
_n
999 _c14378
_d14378